[Event "ch-USA 2023"]
[Site "Saint Louis USA"]
[Date "2023.10.05"]
[Round "1.1"]
[White "Xiong, Jeffery"]
[Black "Mishra, Abhimanyu"]
[Result "1/2-1/2"]
[WhiteTitle "GM"]
[BlackTitle "GM"]
[WhiteElo "2693"]
[BlackElo "2592"]
[WhiteFideId "2047640"]
[BlackFideId "30920019"]
[EventDate "2023.10.05"]

1. d4 d5 2. c4 c6 3. Nf3 Nf6 4. cxd5 cxd5 5. Nc3 Nc6 6. Bf4 a6 7. Rc1 Bf5 8. e3
Rc8 9. Be2 e6 10. O-O Bd6 11. Bxd6 Qxd6 12. Na4 O-O 13. Nc5 Rc7 14. h3 Nd7 15.
Qb3 Nxc5 16. Rxc5 Ne7 17. Rfc1 Rfc8 18. Qa4 Rxc5 19. Rxc5 Qd8 20. b4 f6 21. Qa3
Rxc5 22. bxc5 Bg6 23. Bd3 Bxd3 24. Qxd3 Nc6 25. Qb3 Qd7 26. Ne1 g5 27. Nd3 Kg7
28. Qb6 h6 29. Nb4 Nxb4 30. Qxb4 e5 31. Qb6 exd4 32. exd4 h5 33. Kf1 Kg6 34.
Qb1+ Kh6 35. Qb6 Kg6 36. Qb1+ Kh6 37. Qb6 Kg6 1/2-1/2

[Event "ch-USA 2023"]
[Site "Saint Louis USA"]
[Date "2023.10.05"]
[Round "1.2"]
[White "Aronian, Levon"]
[Black "Caruana, Fabiano"]
[Result "1/2-1/2"]
[WhiteTitle "GM"]
[BlackTitle "GM"]
[WhiteElo "2742"]
[BlackElo "2786"]
[WhiteFideId "13300474"]
[BlackFideId "2020009"]
[EventDate "2023.10.05"]

1. d4 Nf6 2. Bf4 d5 3. e3 Bf5 4. Bd3 Bg6 5. Nf3 e6 6. O-O Bd6 7. Bxg6 hxg6 8.
Nbd2 Nc6 9. Qe2 Qe7 10. Rac1 e5 11. dxe5 Nxe5 12. Bxe5 Bxe5 13. Nxe5 Qxe5 14.
Nf3 Qxb2 15. Rb1 Qxa2 16. Qb5+ c6 17. Qxb7 O-O 18. Ra1 Qxc2 19. Nd4 Qc5 20. Rfc1
Qb6 21. Qxc6 Rfb8 22. h3 a5 23. Qxb6 Rxb6 24. Ra4 Ne4 25. Rca1 Nd2 26. g4 Nc4
27. e4 Rba6 28. Nb5 Rc8 29. exd5 Rc5 30. d6 Rxb5 31. Rxc4 Rxd6 32. Rc8+ Kh7 33.
Ra8 Rdd5 34. Kg2 g5 35. Ra2 g6 36. Ra7 Kg7 37. Ra3 Rd6 38. R7xa5 Rxa5 39. Rxa5
f6 40. Kg1 Rd1+ 41. Kg2 Rd6 42. Kg1 Rd1+ 43. Kg2 Rd6 1/2-1/2

[Event "ch-USA 2023"]
[Site "Saint Louis USA"]
[Date "2023.10.05"]
[Round "1.3"]
[White "Niemann, Hans Moke"]
[Black "Swiercz, Dariusz"]
[Result "1/2-1/2"]
[WhiteTitle "GM"]
[BlackTitle "GM"]
[WhiteElo "2667"]
[BlackElo "2620"]
[WhiteFideId "2093596"]
[BlackFideId "1126881"]
[EventDate "2023.10.05"]

1. e4 e5 2. Nf3 Nc6 3. Bb5 a6 4. Ba4 Nf6 5. O-O Bc5 6. c3 b5 7. Bb3 d6 8. d4 Bb6
9. a4 Bg4 10. Bg5 Rb8 11. d5 Ne7 12. h3 Bh5 13. Qd3 Nd7 14. Bc2 h6 15. Bxe7 Qxe7
16. b4 O-O 17. Nbd2 Bg6 18. a5 Ba7 19. c4 Nf6 20. Qc3 Nh5 21. cxb5 Nf4 22. Kh2
axb5 23. Rae1 Qd7 24. Bb1 Rbc8 25. Rc1 f5 26. Nh4 Be8 27. exf5 Ne2 28. Qd3 Nxc1
29. Rxc1 Bxf2 30. f6 g5 31. Nhf3 Ba7 32. Qf5 Be3 33. Rc3 Bf4+ 34. g3 Bxd2 35.
Nxd2 c5 36. bxc5 Rxc5 37. Rxc5 dxc5 38. Qxe5 Bf7 39. Qe4 Bh5 40. g4 Rxf6 41.
gxh5 Rf2+ 42. Kg3 Rxd2 43. Qg6+ Qg7 44. Qe8+ Qf8 45. Qg6+ Qg7 46. Qe8+ Qf8 47.
Qg6+ Qg7 1/2-1/2

[Event "ch-USA 2023"]
[Site "Saint Louis USA"]
[Date "2023.10.05"]
[Round "1.4"]
[White "Robson, Ray"]
[Black "Sevian, Samuel"]
[Result "0-1"]
[WhiteTitle "GM"]
[BlackTitle "GM"]
[WhiteElo "2699"]
[BlackElo "2698"]
[WhiteFideId "2023970"]
[BlackFideId "2040506"]
[EventDate "2023.10.05"]

1. e4 e6 2. d4 d5 3. Nc3 Nf6 4. e5 Nfd7 5. f4 c5 6. Nf3 Nc6 7. Be3 cxd4 8. Nxd4
Qb6 9. Qd2 Qxb2 10. Rb1 Qa3 11. Bb5 Nxd4 12. Bxd4 a6 13. Bxd7+ Bxd7 14. Rb3 Qe7
15. Rxb7 Qh4+ 16. g3 Qd8 17. O-O Qc8 18. Rb3 Qc4 19. Nd1 Bc5 20. c3 Be7 21. Ne3
Qc7 22. f5 Bb5 23. Rf2 h5 24. fxe6 fxe6 25. a4 Bxa4 26. Rb6 Bc6 27. c4 Rf8 28.
cxd5 Bxd5 29. Nxd5 exd5 30. Qe2 Qc1+ 31. Kg2 Rxf2+ 32. Bxf2 Qg5 33. Qc2 Rd8 34.
e6 Qg4 35. Qc6+ Kf8 36. Rb7 h4 37. h3 Qe4+ 38. Kg1 hxg3 39. Bxg3 Qe3+ 40. Bf2
Qg5+ 41. Kf1 Qf5 42. Kg2 Kg8 43. Qxa6 Qe4+ 44. Kg1 Rc8 45. Qf1 Qg6+ 46. Kh1 Qxe6
47. Rb1 Rc3 48. Qg2 Rxh3+ 49. Kg1 Rh5 50. Re1 Qf7 51. Re3 Rg5 52. Rg3 Qf4 53.
Qh3 Rxg3+ 54. Bxg3 Qe3+ 55. Kh2 Qe2+ 56. Kh1 Qe4+ 57. Kg1 Bc5+ 58. Kh2 Qc2+ 59.
Kh1 Qh7 60. Bh4 Qb1+ 61. Kg2 Qg1+ 62. Kf3 Qe3+ 63. Kg2 Qxh3+ 64. Kxh3 Kf7 65.
Kg4 Ke6 66. Be1 Ke5 67. Kf3 Kf5 68. Bd2 g5 69. Ke2 g4 70. Be1 Ke4 71. Bg3 Be3 0-1

[Event "ch-USA 2023"]
[Site "Saint Louis USA"]
[Date "2023.10.05"]
[Round "1.5"]
[White "So, Wesley"]
[Black "Dominguez Perez, Leinier"]
[Result "1/2-1/2"]
[WhiteTitle "GM"]
[BlackTitle "GM"]
[WhiteElo "2753"]
[BlackElo "2745"]
[WhiteFideId "5202213"]
[BlackFideId "3503240"]
[EventDate "2023.10.05"]

1. e4 e5 2. Nf3 Nc6 3. d4 exd4 4. Nxd4 Nf6 5. Nxc6 bxc6 6. e5 Qe7 7. Qe2 Nd5 8.
c4 Ba6 9. b3 g6 10. g3 Bg7 11. Bb2 O-O 12. Bg2 Rae8 13. O-O Bxe5 14. Qxe5 Qxe5
15. Bxe5 Rxe5 16. cxd5 Bxf1 17. Kxf1 cxd5 18. Nc3 c6 19. Na4 Rfe8 20. Bf3 Kf8
21. Nc5 Ke7 22. Nd3 Re6 23. Nf4 Re5 24. Nd3 Re6 25. Nc5 Re5 26. Nd3 Re6 1/2-1/2

[Event "ch-USA 2023"]
[Site "Saint Louis USA"]
[Date "2023.10.05"]
[Round "1.6"]
[White "Tang, Andrew"]
[Black "Shankland, Sam"]
[Result "1/2-1/2"]
[WhiteTitle "GM"]
[BlackTitle "GM"]
[WhiteElo "2496"]
[BlackElo "2698"]
[WhiteFideId "2059630"]
[BlackFideId "2004887"]
[EventDate "2023.10.05"]

1. d4 Nf6 2. Bf4 c5 3. e3 Qb6 4. Na3 d6 5. c3 g6 6. Qb3 Bg7 7. Qxb6 axb6 8. Nb5
O-O 9. a4 Bd7 10. Nf3 Rc8 11. Nd2 Bc6 12. Bg5 Nbd7 13. f3 cxd4 14. exd4 Nd5 15.
Bc4 h6 16. Bxd5 hxg5 17. Bc4 d5 18. Bd3 e5 19. Nb3 exd4 20. N3xd4 Nc5 21. Bc2
Bxd4 22. Nxd4 Bxa4 23. b3 Bd7 24. Kd2 g4 25. b4 Ne6 26. fxg4 Rxa1 27. Rxa1 Nxd4
28. cxd4 Rc4 29. Bb3 Rxd4+ 30. Kc3 Rxg4 31. Bxd5 Bc6 32. Bxc6 bxc6 33. Ra6 b5
34. Rxc6 Rxg2 35. Rc5 Rxh2 36. Rxb5 Rh3+ 37. Kc4 Rh4+ 38. Kc3 Kg7 39. Rd5 Rh1
40. b5 Kf6 41. Kc2 Ke6 42. Rd4 Rh5 43. Rb4 Kd7 44. Kd3 Rf5 45. b6 Kc8 46. b7+
Kb8 47. Ke4 Rc5 48. Kf4 Rc7 49. Kg5 Rxb7 50. Rf4 Kc8 51. Kf6 Rd7 52. Re4 Kc7 53.
Re1 Kb8 54. Rc1 Rc7 55. Rb1+ Ka7 56. Ra1+ Kb8 57. Rb1+ Rb7 58. Rc1 Ka7 59. Rc2
Kb6 60. Rc1 Rc7 61. Rb1+ Kc6 62. Rc1+ Kd7 63. Re1 Kd8 64. Re2 g5 65. Kxg5 Re7
66. Rxe7 Kxe7 67. Kf5 Kd8 68. Kf6 Kc8 69. Kxf7 1/2-1/2

[Event "ch-USA 2023"]
[Site "Saint Louis USA"]
[Date "2023.10.06"]
[Round "2.1"]
[White "Caruana, Fabiano"]
[Black "Dominguez Perez, Leinier"]
[Result "1/2-1/2"]
[WhiteTitle "GM"]
[BlackTitle "GM"]
[WhiteElo "2786"]
[BlackElo "2745"]
[WhiteFideId "2020009"]
[BlackFideId "3503240"]
[EventDate "2023.10.05"]

1. e4 e5 2. Nf3 Nc6 3. Bc4 Bc5 4. O-O Nf6 5. d3 d6 6. c3 a5 7. Re1 Ba7 8. Bb3
O-O 9. h3 h6 10. Nbd2 b5 11. a4 b4 12. Bc4 Bb6 13. Bb5 Na7 14. Nc4 bxc3 15. bxc3
Be6 16. Nxb6 cxb6 17. c4 Nxb5 18. cxb5 Rc8 19. d4 d5 20. exd5 Nxd5 21. Nxe5 Re8
22. Nc6 Qd7 23. Ba3 f6 24. Qf3 Bf7 25. Qg3 Rxe1+ 26. Rxe1 Re8 27. Rxe8+ Qxe8 28.
Kh2 Kh7 29. Nb8 Qe6 30. Bf8 Bg6 31. Na6 Qf7 32. Bd6 Bc2 33. Nc7 Nxc7 34. Bxc7
Bxa4 35. Qd3+ Qg6 36. Qc4 Qc2 37. Qxc2+ Bxc2 38. Bxb6 Ba4 39. Bxa5 Bxb5 40. g4
Bc6 41. Kg3 Kg6 42. f4 f5 43. Bb4 h5 44. Bf8 hxg4 45. hxg4 Kf7 46. Bxg7 Kxg7 47.
gxf5 Kf6 48. Kf2 Kxf5 49. d5 Bxd5 50. Ke1 Kxf4 1/2-1/2

[Event "ch-USA 2023"]
[Site "Saint Louis USA"]
[Date "2023.10.06"]
[Round "2.2"]
[White "Swiercz, Dariusz"]
[Black "So, Wesley"]
[Result "1/2-1/2"]
[WhiteTitle "GM"]
[BlackTitle "GM"]
[WhiteElo "2620"]
[BlackElo "2753"]
[WhiteFideId "1126881"]
[BlackFideId "5202213"]
[EventDate "2023.10.05"]

1. e4 e5 2. Nf3 Nc6 3. Bb5 Nf6 4. O-O Nxe4 5. Re1 Nd6 6. Nxe5 Be7 7. Bf1 Nxe5 8.
Rxe5 O-O 9. d4 Bf6 10. Re1 Re8 11. c3 Rxe1 12. Qxe1 Nf5 13. Nd2 d5 14. Nf3 c6
15. Bf4 Nh4 16. Nxh4 Bxh4 17. Bd3 Bd7 18. Qd2 Qf8 19. Re1 Re8 20. Re3 Rxe3 21.
Qxe3 Qe7 22. Qxe7 Bxe7 23. Kf1 h5 24. Ke2 g5 25. Bb8 a6 26. f4 g4 27. b4 f5 28.
a4 Kf7 29. Bc7 b5 30. a5 Be6 31. Ke3 Bd7 32. Ke2 Be6 33. Ke3 Bd7 34. Ke2 Be6 1/2-1/2

[Event "ch-USA 2023"]
[Site "Saint Louis USA"]
[Date "2023.10.06"]
[Round "2.3"]
[White "Sevian, Samuel"]
[Black "Niemann, Hans Moke"]
[Result "0-1"]
[WhiteTitle "GM"]
[BlackTitle "GM"]
[WhiteElo "2698"]
[BlackElo "2667"]
[WhiteFideId "2040506"]
[BlackFideId "2093596"]
[EventDate "2023.10.05"]

1. d4 Nf6 2. c4 e6 3. g3 d5 4. Bg2 Be7 5. Nf3 O-O 6. O-O dxc4 7. Qa4 a6 8. Qxc4
b5 9. Qc2 Bb7 10. Bd2 Ra7 11. a4 b4 12. Bg5 Nbd7 13. Nbd2 Qa8 14. Ne1 Bxg2 15.
Nxg2 c5 16. Bxf6 gxf6 17. Nb3 cxd4 18. Rac1 Ne5 19. Nxd4 Rd8 20. Nb3 Rad7 21.
Nf4 Kg7 22. Nh5+ Kh6 23. Nf4 f5 24. Ng2 Kg7 25. Qb1 Bf6 26. Rc5 Ng6 27. Rc4 Be7
28. Qc2 h5 29. h4 Qb8 30. Qc1 Bf6 31. Na5 Qb6 32. Nb3 Qb8 33. Na5 Qb6 34. Nb3
Kh7 35. Nf4 Ne5 36. Rc5 Qb7 37. Nxh5 Bh8 38. Qc2 Rg8 39. Nf4 Ng6 40. Nxg6 Rxg6
41. Rc1 Qb6 42. Rd1 Rxd1+ 43. Qxd1 Bxb2 44. Qd7 Rg7 45. e3 Qb8 46. Kg2 Qa8+ 47.
Rc6 Be5 48. Qc8 Qa7 49. Rxa6 Qe7 50. Ra8 Rg4 51. Kf1 Qd6 52. Qb7 Qd1+ 53. Kg2
Qxb3 54. Qxf7+ Kh6 55. Qf8+ Bg7 56. Qd6 Qc4 57. Re8 b3 58. Rxe6+ Kh7 59. Qd7 b2
60. Rb6 Qe4+ 61. f3 Qc2+ 62. Kh3 b1=Q 63. Rxb1 Qxb1 64. fxg4 Qh1# 0-1

[Event "ch-USA 2023"]
[Site "Saint Louis USA"]
[Date "2023.10.06"]
[Round "2.4"]
[White "Shankland, Sam"]
[Black "Robson, Ray"]
[Result "1/2-1/2"]
[WhiteTitle "GM"]
[BlackTitle "GM"]
[WhiteElo "2698"]
[BlackElo "2699"]
[WhiteFideId "2004887"]
[BlackFideId "2023970"]
[EventDate "2023.10.05"]

1. c4 e5 2. g3 c6 3. Nf3 e4 4. Nd4 d5 5. cxd5 Qb6 6. Qa4 Bd7 7. dxc6 Nxc6 8.
Nxc6 Bxc6 9. Qb3 h5 10. Nc3 Nf6 11. Bg2 Bc5 12. Qxb6 axb6 13. O-O O-O 14. d3
exd3 15. exd3 Rfd8 16. Bg5 Bd4 17. Rfd1 Bxc3 18. bxc3 Ra3 19. Rab1 Bxg2 20. Bxf6
gxf6 21. Kxg2 Rd6 22. Rb5 h4 23. Rdb1 Rxd3 24. Rxb6 hxg3 25. hxg3 Rdxc3 26. R1b3
Raxb3 27. axb3 Kg7 28. Rxb7 Kg6 29. b4 Rb3 30. b5 f5 31. b6 f4 32. g4 Kg5 33. f3
Kh4 34. Rxf7 Rb2+ 35. Kf1 Kg3 36. b7 Kxf3 37. Ke1 Kxg4 38. Rg7+ Kf3 39. Rf7 Rb1+
40. Kd2 Kg3 41. Ke2 Rb2+ 42. Kf1 Rb1+ 43. Ke2 Rb2+ 44. Kf1 Rb1+ 45. Ke2 Rb2+ 1/2-1/2

[Event "ch-USA 2023"]
[Site "Saint Louis USA"]
[Date "2023.10.06"]
[Round "2.5"]
[White "Mishra, Abhimanyu"]
[Black "Tang, Andrew"]
[Result "1-0"]
[WhiteTitle "GM"]
[BlackTitle "GM"]
[WhiteElo "2592"]
[BlackElo "2496"]
[WhiteFideId "30920019"]
[BlackFideId "2059630"]
[EventDate "2023.10.05"]

1. e4 e5 2. Nf3 Nc6 3. Bc4 Nf6 4. d3 Be7 5. O-O d6 6. a4 O-O 7. Re1 Kh8 8. Nc3
Bg4 9. h3 Bh5 10. Be3 Qd7 11. a5 a6 12. Nd5 Nxd5 13. Bxd5 Nb4 14. Bb3 f5 15.
Nxe5 Qe8 16. Nf3 fxe4 17. dxe4 Bxf3 18. gxf3 Qh5 19. Kg2 Bg5 20. f4 Qxd1 21.
Raxd1 Bxf4 22. Ba4 Be5 23. Bd4 Rad8 24. Re3 c5 25. Bxe5 dxe5 26. Rf3 Rg8 27.
Rxd8 Rxd8 28. Rf5 g6 29. Rxe5 Rc8 30. Re7 Nc6 31. Bxc6 bxc6 32. Ra7 Rb8 33. b3 1-0

[Event "ch-USA 2023"]
[Site "Saint Louis USA"]
[Date "2023.10.06"]
[Round "2.6"]
[White "Aronian, Levon"]
[Black "Xiong, Jeffery"]
[Result "1/2-1/2"]
[WhiteTitle "GM"]
[BlackTitle "GM"]
[WhiteElo "2742"]
[BlackElo "2693"]
[WhiteFideId "13300474"]
[BlackFideId "2047640"]
[EventDate "2023.10.05"]

1. e4 e5 2. Nf3 Nf6 3. Nxe5 d6 4. Nf3 Nxe4 5. d4 d5 6. Bd3 Be7 7. O-O Bf5 8. Re1
O-O 9. Nbd2 Nd6 10. Nf1 Bg6 11. Ne5 Bxd3 12. Nxd3 Nd7 13. Bf4 Re8 14. c3 a5 15.
a4 c6 16. Qb3 b6 17. Nd2 Nf8 18. Nf3 Ne6 19. Be5 Nc4 20. Bg3 Bf8 21. Rad1 b5 22.
Qc2 Qb6 23. Nde5 Qb7 24. h4 Nxe5 25. Nxe5 bxa4 26. Qxa4 c5 27. Qd7 Qxd7 28. Nxd7
cxd4 29. cxd4 Be7 30. Re5 Red8 31. Nc5 Bxc5 32. dxc5 d4 33. Re4 Rd5 34. Re5 Rdd8
35. Re4 Rd5 36. Re5 Rdd8 1/2-1/2

[Event "ch-USA 2023"]
[Site "Saint Louis USA"]
[Date "2023.10.07"]
[Round "3.1"]
[White "Dominguez Perez, Leinier"]
[Black "Swiercz, Dariusz"]
[Result "1/2-1/2"]
[WhiteTitle "GM"]
[BlackTitle "GM"]
[WhiteElo "2745"]
[BlackElo "2620"]
[WhiteFideId "3503240"]
[BlackFideId "1126881"]
[EventDate "2023.10.05"]

1. e4 e5 2. Nf3 Nc6 3. Bb5 a6 4. Ba4 Nf6 5. O-O Bc5 6. c3 b5 7. Bb3 d6 8. d4 Bb6
9. Re1 O-O 10. Bg5 h6 11. Bh4 Bb7 12. a4 exd4 13. cxd4 g5 14. Nxg5 hxg5 15. Bxg5
Nxd4 16. Bd5 Bxd5 17. exd5 Nf5 18. Nd2 Bd4 19. Qf3 Qd7 20. Bxf6 Bxf6 21. Qg4+
Bg7 22. Ne4 Qc8 23. Nf6+ Kh8 24. Qh5+ Nh6 25. g4 bxa4 26. Rxa4 Qb7 27. g5 Qxb2
28. Rae4 a5 29. Ng4 a4 30. R1e2 Qa1+ 31. Re1 Qb2 32. R1e2 Qa1+ 33. Kg2 a3 34.
Re1 Qb2 35. R1e2 Qa1 36. Re1 Qb2 37. R1e2 Qa1 1/2-1/2

[Event "ch-USA 2023"]
[Site "Saint Louis USA"]
[Date "2023.10.07"]
[Round "3.2"]
[White "Robson, Ray"]
[Black "Mishra, Abhimanyu"]
[Result "0-1"]
[WhiteTitle "GM"]
[BlackTitle "GM"]
[WhiteElo "2699"]
[BlackElo "2592"]
[WhiteFideId "2023970"]
[BlackFideId "30920019"]
[EventDate "2023.10.05"]

1. d4 d5 2. c4 c6 3. Nf3 Nf6 4. Nc3 e6 5. g3 dxc4 6. Bg2 Nbd7 7. O-O b5 8. e4
Bb7 9. e5 Nd5 10. Ng5 h6 11. Nxe6 fxe6 12. Qh5+ Ke7 13. Ne4 Qe8 14. Bg5+ hxg5
15. Qxh8 Kd8 16. Nxg5 Qe7 17. Qh5 Kc7 18. Qg6 Re8 19. a4 Kb8 20. Ra3 Nc7 21. Rf3
bxa4 22. h4 Qd8 23. Rf7 Re7 24. Rf4 Qe8 25. Qh7 g6 26. Rf7 c5 27. Bxb7 Kxb7 28.
Qxg6 Rxf7 29. Nxf7 cxd4 30. Qe4+ Nd5 31. Nd6+ Bxd6 32. exd6 Qh8 33. Rd1 Ne5 34.
d7 Nxd7 35. Qxd4 Qxd4 36. Rxd4 a3 37. bxa3 c3 38. Rd1 Nc5 39. h5 Nd3 40. h6 c2
41. Rf1 Nf6 42. g4 Nh7 43. Kg2 c1=Q 44. Rxc1 Nxc1 45. f4 Kc6 46. Kf3 Kd5 47. g5
Nf8 48. Kg4 Nd3 49. f5 Ne5+ 50. Kf4 Nfg6+ 51. fxg6 Nxg6+ 52. Kg4 Ke4 53. a4 a5
54. h7 Ke5 55. Kh5 Kf5 56. Kh6 e5 0-1

[Event "ch-USA 2023"]
[Site "Saint Louis USA"]
[Date "2023.10.07"]
[Round "3.3"]
[White "So, Wesley"]
[Black "Sevian, Samuel"]
[Result "1/2-1/2"]
[WhiteTitle "GM"]
[BlackTitle "GM"]
[WhiteElo "2753"]
[BlackElo "2698"]
[WhiteFideId "5202213"]
[BlackFideId "2040506"]
[EventDate "2023.10.05"]

1. d4 Nf6 2. c4 e6 3. g3 d5 4. Bg2 dxc4 5. Nf3 c5 6. O-O Nc6 7. Ne5 Bd7 8. Nd2
cxd4 9. Ndxc4 Be7 10. Qb3 Qc7 11. Nxc6 Bxc6 12. Bf4 Qd8 13. Bxc6+ bxc6 14. Ne5
c5 15. Qa4+ Kf8 16. e3 Nd5 17. exd4 Nxf4 18. gxf4 Qxd4 19. Qc6 Qd5 20. Qc7 Qd8
21. Qb7 Qd5 22. Nc6 Re8 23. Rfd1 Qf3 24. Rd7 Qg4+ 25. Kf1 Qh3+ 26. Ke1 Qg2 27.
Rxe7 Qe4+ 28. Kd1 Qd3+ 29. Kc1 Qc4+ 30. Kd2 Qxf4+ 31. Kd3 Qd6+ 32. Kc2 Rxe7 33.
Nxe7 Qxe7 34. Qb8+ Qe8 35. Qxa7 Qc6 36. Re1 g5 37. Re5 Kg7 38. Qxc5 Qa4+ 39. Kc3
Kf6 40. Re3 Ra8 41. a3 Kg6 42. Qc4 Qa5+ 43. Kb3 Rb8+ 44. Ka2 Rb5 45. Qc3 Qa8 46.
Qd3+ Rf5 47. Re5 Qg2 48. Rxf5 exf5 49. Qd6+ f6 50. a4 Qxf2 51. a5 f4 52. Qd3+
Kh6 53. Qh3+ Kg6 54. Qd3+ Kh6 55. Qh3+ Kg6 56. Qd3+ 1/2-1/2

[Event "ch-USA 2023"]
[Site "Saint Louis USA"]
[Date "2023.10.07"]
[Round "3.5"]
[White "Niemann, Hans Moke"]
[Black "Shankland, Sam"]
[Result "0-1"]
[WhiteTitle "GM"]
[BlackTitle "GM"]
[WhiteElo "2667"]
[BlackElo "2698"]
[WhiteFideId "2093596"]
[BlackFideId "2004887"]
[EventDate "2023.10.05"]

1. e4 e5 2. Nf3 Nc6 3. Bc4 Nf6 4. d3 Bc5 5. O-O O-O 6. Nbd2 d6 7. c3 a5 8. Re1
h6 9. Nf1 Bb6 10. h3 Be6 11. Bb5 Bd7 12. Ba4 Ne7 13. Bc2 Ng6 14. d4 Re8 15. Ng3
Bc6 16. Be3 a4 17. a3 exd4 18. Bxd4 Nd7 19. Nf5 Nde5 20. Bxb6 cxb6 21. N3d4 b5
22. Ne3 Qg5 23. Ndf5 h5 24. Kh1 h4 25. Qd2 Nf4 26. f3 g6 27. Nd4 d5 28. exd5
Nxd5 29. Nc4 Qxd2 30. Nxd2 f5 31. Re2 Nf4 32. Re3 Nd5 33. Re2 Nf4 34. Re3 Kf7
35. Rae1 Kf6 36. Kh2 Nd5 37. R3e2 Nf4 38. Re3 Re7 39. Kg1 Rae8 40. Kh1 Nd5 41.
R3e2 Nf4 42. Re3 Nxf3 43. Rxe7 Nxe1 44. Rxe8 Bxe8 45. Bd1 Nexg2 46. Bf3 Ne3 47.
Bxb7 Nxh3 0-1

[Event "ch-USA 2023"]
[Site "Saint Louis USA"]
[Date "2023.10.07"]
[Round "3.6"]
[White "Xiong, Jeffery"]
[Black "Caruana, Fabiano"]
[Result "0-1"]
[WhiteTitle "GM"]
[BlackTitle "GM"]
[WhiteElo "2693"]
[BlackElo "2786"]
[WhiteFideId "2047640"]
[BlackFideId "2020009"]
[EventDate "2023.10.05"]

1. d4 Nf6 2. c4 e6 3. Nc3 Bb4 4. Qc2 d5 5. a3 Bxc3+ 6. Qxc3 O-O 7. e3 b6 8. Nf3
Bb7 9. b3 Nbd7 10. Bb2 c5 11. Be2 Rc8 12. O-O Ne4 13. Qd3 Qe7 14. a4 a5 15. Rac1
Rfd8 16. Qb1 dxc4 17. bxc4 Ng5 18. Nxg5 Qxg5 19. g3 Bc6 20. Qc2 Nf6 21. Rcd1 Qh6
22. h4 Ne4 23. d5 exd5 24. Bg4 dxc4 25. Bxc8 Rxc8 26. Qxc4 Re8 27. Qe2 Bxa4 28.
Rd5 Bc6 29. Re5 Rxe5 30. Bxe5 Qe6 31. Bc7 Nc3 32. Qd3 Nd5 33. Bb8 Qe8 34. Bd6 h6
35. Rd1 Qe6 36. Bb8 Nf6 37. Qb1 Be4 38. Rd8+ Kh7 39. Qd1 Qf5 40. Bf4 c4 41. f3
Bd3 42. g4 Qc5 43. Rxd3 cxd3 44. Qxd3+ g6 45. h5 Nd5 46. hxg6+ fxg6 47. Kg2 a4
48. Kg3 Nxf4 49. Qd7+ Kg8 50. exf4 a3 51. Qe6+ Kg7 52. f5 Qc7+ 53. Kf2 gxf5 54.
gxf5 Qf7 55. Qxb6 a2 56. Qd4+ Kh7 57. Qa4 h5 58. Qa6 Kg7 59. Kg2 h4 60. Qa4 Qd5
61. Qg4+ Kf8 62. Qb4+ Kf7 63. Qb2 h3+ 64. Kg3 Ke7 65. Qg7+ Kd6 66. Qf8+ Ke5 67.
Qh8+ Kxf5 68. Qh5+ Ke6 69. Qe8+ Kf6 70. Qf8+ Kg6 71. Qe8+ Kg7 72. Qe7+ Qf7 73.
Qa3 Kg8 74. Qa8+ Kh7 75. Kxh3 Qe6+ 76. Kg2 Qg8+ 0-1

[Event "ch-USA 2023"]
[Site "Saint Louis USA"]
[Date "2023.10.08"]
[Round "4.1"]
[White "Aronian, Levon"]
[Black "Robson, Ray"]
[Result "1/2-1/2"]
[WhiteTitle "GM"]
[BlackTitle "GM"]
[WhiteElo "2742"]
[BlackElo "2699"]
[WhiteFideId "13300474"]
[BlackFideId "2023970"]
[EventDate "2023.10.05"]

1. e4 e5 2. Nf3 Nc6 3. Bc4 Nf6 4. d3 Bc5 5. O-O d6 6. c3 a5 7. Re1 Ba7 8. Na3
O-O 9. Nb5 Bb6 10. Be3 Bxe3 11. Rxe3 Ne7 12. d4 Ng4 13. Re1 c6 14. Na3 Ng6 15.
Bf1 f5 16. exf5 Bxf5 17. dxe5 N6xe5 18. Nxe5 Nxe5 19. Nc4 Nxc4 20. Bxc4+ d5 21.
Bf1 Qb6 22. Qd2 Rae8 23. Rxe8 Rxe8 24. Re1 Rxe1 25. Qxe1 h6 26. g4 Be4 27. Qd2
c5 28. Bg2 Bxg2 29. Kxg2 Qe6 30. f3 b5 31. Qf2 Qe7 32. a3 Kf7 33. h4 Kg8 34. h5
Kh8 35. Kf1 Kg8 36. Kg2 Kh8 37. Kf1 Kg8 38. Kg2 1/2-1/2

[Event "ch-USA 2023"]
[Site "Saint Louis USA"]
[Date "2023.10.08"]
[Round "4.2"]
[White "Xiong, Jeffery"]
[Black "Tang, Andrew"]
[Result "1/2-1/2"]
[WhiteTitle "GM"]
[BlackTitle "GM"]
[WhiteElo "2693"]
[BlackElo "2496"]
[WhiteFideId "2047640"]
[BlackFideId "2059630"]
[EventDate "2023.10.05"]

1. Nf3 d5 2. d4 Nf6 3. c4 e6 4. g3 Bb4+ 5. Bd2 Be7 6. Bg2 O-O 7. O-O Nbd7 8. Qc2
c6 9. Rd1 a5 10. Bf4 h6 11. Ne5 Qb6 12. Nc3 Nxe5 13. Bxe5 dxc4 14. Rac1 Ng4 15.
Ne4 Rd8 16. Nd2 Nxe5 17. dxe5 Qc7 18. Nxc4 Rxd1+ 19. Rxd1 Bd7 20. Rd3 Rd8 21.
Qd2 b6 22. Nxb6 Qxb6 23. Rxd7 Rxd7 24. Qxd7 Bc5 25. Qc8+ Bf8 26. b3 Qd4 27. Qxc6
Qa1+ 28. Bf1 Qxa2 29. Qc4 Qb2 30. Qb5 Bb4 31. Qe8+ Bf8 32. Qb5 Bb4 33. Qe8+ Bf8
34. Qb5 1/2-1/2

[Event "ch-USA 2023"]
[Site "Saint Louis USA"]
[Date "2023.10.08"]
[Round "4.3"]
[White "Shankland, Sam"]
[Black "So, Wesley"]
[Result "1/2-1/2"]
[WhiteTitle "GM"]
[BlackTitle "GM"]
[WhiteElo "2698"]
[BlackElo "2753"]
[WhiteFideId "2004887"]
[BlackFideId "5202213"]
[EventDate "2023.10.05"]

1. d4 Nf6 2. c4 e6 3. Nc3 d5 4. cxd5 exd5 5. Bg5 c6 6. e3 Bf5 7. Qf3 Bg6 8. Bxf6
Qxf6 9. Qxf6 gxf6 10. h4 h5 11. Nh3 Nd7 12. Nf4 Bd6 13. g3 a5 14. f3 Nb6 15. Kf2
Kf8 16. Nxg6+ fxg6 17. Bd3 f5 18. e4 dxe4 19. fxe4 fxe4 20. Nxe4 Be7 21. Nc5
Bxc5 22. dxc5 Na4 23. Bxg6 Kg7 24. Bc2 Rhf8+ 25. Kg2 Nxc5 26. Rhf1 Rxf1 27. Rxf1
Re8 28. Rf5 Re2+ 29. Rf2 Re7 30. Bd1 Re5 31. Rd2 Kf6 32. Rd6+ Ke7 33. Rh6 Rd5
34. Rxh5 Rd2+ 35. Kh3 Nd3 36. Bb3 b5 37. Rh7+ Kd6 38. g4 c5 39. Rh6+ Ke5 40. Kg3
c4 41. Rh5+ Ke4 42. Rxb5 cxb3 43. axb3 Ne5 44. Rxa5 Rd3+ 45. Kg2 Nxg4 46. Ra4+
Kf5 47. Rb4 Rd2+ 48. Kg3 Rd3+ 49. Kg2 Ne5 50. Rb5 Rd2+ 51. Kg3 Rxb2 52. h5 Rb1
53. Kg2 Kf4 54. Rb4+ Ke3 55. Rb8 Rb2+ 56. Kg3 Rb1 57. Kg2 Rb2+ 58. Kg3 Rb1 59.
Kg2 1/2-1/2